000 00471nam a2200181Ia 4500
001 8798
005 20260306160636.0
008 260306t2002||||xx |||||||||||||| ||spa||
041 _aESP
082 _a371.337
_bD41
100 _aDecroly, Ovide [1871-1932]
_eAUT
245 0 _aEl juego educativo:
_biniciación a la actividad intelectual y motriz
260 _c2002
300 _a190 pƔginas :
_c20 cm.
650 _aGEN
654 _aCED
942 _cLIB
_dJUS
_fJUS
_2ddc
_n
999 _c8798
_d8798